[Event "Eurasia Open Cup 2018"]
[Site "Jekaterienburg"]
[Date "2018.08.09"]
[Round "8"]
[White "Pastukhov, Leonid"]
[Black "Kabanov, Nikolai"]
[Result "0-1"]
[WhiteElo "2166"]
[BlackElo "2475"]
[Annotator "TA"]
[PlyCount "112"]
[EventDate "2018.08.01"]
[EventType "swiss"]
[EventCountry "RUS"]
[SourceTitle "playchess.com"]
[Source "ChessBase"]
[SourceQuality "1"]

{[%evp 34,112,0,0,0,0,12,11,2,-49,0,-33,-26,-33,-29,-182,-96,-99,-78,-195,-200,-199,-194,-178,-188,-414,-383,-484,-201,-354,-348,-349,-351,-314,-117,-118,-130,-127,-125,-125,-118,-118,-118,-111,-116,-116,-110,-112,-112,-141,-87,-88,-52,-68,0,-87,-86,-194,-158,-158,-159,-162,-166,-205,-210,-212,-189,-301,-304,-344,-258,-368,-345,-4134,-2399,-29978,-29980,-29980,-29981,-29981,-29982]} 1. e4 c5 2. Nf3 e6 3. d4 cxd4 4. Nxd4 Nf6 5. Nc3 Nc6 6. Ndb5 Bb4 7. a3 Bxc3+ 8. Nxc3 d5 9. exd5 exd5 10. Bd3 O-O 11. O-O d4 12. Ne4 Bf5 13. Bg5 Bxe4 14. Bxe4 h6 15. Bh4 g5 {B45: Sicilian Four Knights} 16. Bxc6 bxc6 17. Bg3 Qd5 18. Qd3 {LiveBook: 6 Games} (18. f4 Ne4 19. Qh5 Kg7 20. Rad1 Rae8 21. Rd3 c5 22. fxg5 hxg5 23. Rdf3 {0-1 (50) Gaehwiler,G (2392)-Tregubov,P (2584) Flims 2016}) 18... Ne4 19. Rad1 Rad8 20. Rfe1 Rfe8 21. Qf3 (21. f3 $11 Nxg3 22. hxg3) 21... Kg7 22. h4 f5 $146 ({Predecessor:} 22... c5 23. c4 {0-1 (32) Lukasiewicz,A (2097)-Eggink,M (1833) Polanica Zdroj 2010}) 23. Bc7 Rd7 24. c4 $2 (24. Bh2 $1 $11 {and White stays safe.}) 24... Qe6 (24... Qxc4 25. hxg5 hxg5 26. Qxf5 $17) (24... Qf7 $1 $19 25. Bh2 d3) 25. Ba5 $17 Qe5 $36 {[%mdl 2048] Black is in control.} ({Don't play} 25... gxh4 26. Qh5 $11) 26. Bb4 (26. Qh5 $17) 26... a5 $19 (26... gxh4 27. Qh5 $14) 27. Bc3 Ree7 $1 ({Stronger than} 27... gxh4 28. Qh5 $15) 28. Rxd4 Rxd4 29. Bxd4 $2 (29. hxg5 {was forced.} Kg6 30. gxh6) 29... Qxd4 30. Qxf5 Qf6 (30... Re5 $142 31. Qf3 Nxf2) 31. Qf3 $2 (31. Qxf6+ Kxf6 32. hxg5+ hxg5 33. Rd1) 31... Qxb2 32. hxg5 hxg5 33. Qe3 Re8 $2 (33... g4 $1 $19 {has better winning chances.} 34. Qf4 g3 35. fxg3 Qd4+ 36. Re3 Kg8 37. Qb8+ Kf7 38. Qf4+ Ke8) 34. f3 $17 Nf6 35. Qxg5+ Kf7 36. Rxe8 Kxe8 37. Qxa5 Qd4+ 38. Kh2 Qh4+ $1 39. Kg1 Qxc4 40. Qe5+ Kf7 41. g4 Qc2 (41... Nd5 $142 $1 {White must now prevent ...Qc5+.} 42. Qf5+ Ke7 43. Qe5+ Kd7) 42. Qf4 Kg6 {And now ...Nd5 would win.} 43. Qd6 Kf7 44. Qf4 $1 {Hoping for g5.} Ke6 {Strongly threatening ...Nd5.} 45. Qe3+ {[#]} (45. a4 $17) 45... Kd7 $1 $19 46. Qa7+ Kd6 47. Qb8+ Ke6 48. Qc8+ Nd7 49. Qe8+ Kd6 50. Qe3 {[#]} (50. Kf1 {might work better.}) 50... Ne5 $1 51. g5 c5 {[%cal Bc6c5,Bc5d4][%mdl 32]} 52. f4 (52. Kf1 $142) 52... Ng6 53. a4 $2 (53. Qg3 Qc1+ 54. Kf2 Qd2+ 55. Kf3) 53... Qxa4 54. Qd3+ Qd4+ {Black mates.} 55. Qxd4+ cxd4 56. f5 Nh4 {Precision: White = 42%, Black = 56%.} 0-1

[Event "Eurasia Open Cup 2018"]
[Site "Jekaterienburg"]
[Date "2018.08.09"]
[Round "8"]
[White "Kolomensky, Vladimir"]
[Black "Shapiro, David"]
[Result "0-1"]
[WhiteElo "2104"]
[BlackElo "2326"]
[Annotator "NA"]
[PlyCount "152"]
[EventDate "2018.08.01"]
[EventType "swiss"]
[EventCountry "RUS"]
[SourceTitle "playchess.com"]
[Source "ChessBase"]
[SourceQuality "1"]
[TimeControl "5400+30"]

1. e4 {[%emt 0:00:00]} e5 {[%emt 0:00:09]} 2. Nf3 {[%emt 0:00:09]} Nf6 {[%emt 0:00:08]} 3. Nxe5 {[%emt 0:00:37]} d6 {[%emt 0:00:08]} 4. Nf3 {[%emt 0:00:07]} Nxe4 {[%emt 0:00:07]} 5. c4 {[%emt 0:01:02]} Nc6 {[%emt 0:01:25]} 6. Nc3 {[%emt 0:01:28]} Nxc3 {[%emt 0:00:20]} 7. dxc3 {[%emt 0:00:10]} Be7 {[%emt 0:00:49]} 8. Bd3 {[%emt 0:15:39]} Bg4 {[%emt 0:03:46] C42: Petroff Defence: 3 Nxe5 and unusual White 3rd moves} 9. Qc2 {[%emt 0:00:25]} (9. Be4 Qd7 10. O-O O-O 11. Qc2 Kh8 12. Nd4 Nxd4 13. cxd4 c6 14. h3 Bh5 15. d5 Bg6 16. dxc6 bxc6 17. Bxg6 fxg6 {1-0 (60) Malakhov,V (2689)-Zhao,Y (2383) China 2018}) 9... Bh5 {[%emt 0:13:28]} 10. Be3 {[%emt 0:02:40]} Bg6 {[%emt 0:01:14]} 11. O-O-O {[%emt 0:16:22]} Qd7 $146 {[%emt 0:00:52]} ({Predecessor:} 11... b6 12. Bxg6 hxg6 13. Qe4 Kd7 14. Rhe1 Qf8 15. c5 Rb8 16. Bf4 bxc5 {1-0 (27) Menendez Rey,F (2205)-Quidiello Prado,M (2166) Asturias 2003}) 12. c5 {[%emt 0:08:23]} O-O-O {[%emt 0:04:24]} 13. Bxg6 {[%emt 0:07:36]} hxg6 {[%emt 0:00:12]} 14. cxd6 {[%emt 0:00:39]} Bxd6 {[%emt 0:00:13]} 15. h3 {[%emt 0:00:24]} Rh5 {[%emt 0:08:17]} 16. Rhe1 {[%emt 0:01:28]} Ne5 {[%emt 0:01:22]} 17. Nd2 {[%emt 0:15:03]} Be7 {[%emt 0:11:20]} 18. Bd4 {[%emt 0:01:38]} Nc6 {[%emt 0:01:32]} 19. Nf3 {[%emt 0:00:59]} Nxd4 $11 {[%emt 0:00:53]} 20. Rxd4 {[%emt 0:00:18]} Bd6 {[%emt 0:00:34]} 21. Kb1 {[%emt 0:05:00]} Re8 {[%emt 0:09:11]} 22. Rde4 {[%emt 0:04:25]} Rxe4 {[%emt 0:02:48]} 23. Rxe4 {[%emt 0:00:29]} Rh8 {[%emt 0:02:29]} 24. Ne5 {[%emt 0:03:47]} Qf5 {[%emt 0:04:07]} 25. Nc4 {[%emt 0:00:25]} Bc5 {[%emt 0:00:59]} 26. f3 {[%emt 0:00:18]} Rd8 {[%emt 0:00:39]} 27. b4 {[%emt 0:00:49]} Bf8 {[%emt 0:03:40]} 28. Kb2 {[%emt 0:00:43]} Qd7 {[%emt 0:04:02]} 29. Rd4 {[%emt 0:00:38]} Qe6 {[%emt 0:00:37]} 30. Re4 {[%emt 0:03:41]} Qd7 {[%emt 0:01:39]} 31. Rd4 {[%emt 0:00:16]} Qc6 {[%emt 0:00:41]} 32. Qd3 {[%emt 0:01:37]} Be7 {[%emt 0:02:30]} 33. Rxd8+ {[%emt 0:03:38]} Bxd8 {[%emt 0:00:02]} 34. Na5 {[%emt 0:00:16]} Qe8 {[%emt 0:04:40]} 35. Nc4 {[%emt 0:03:07]} Bf6 {[%emt 0:02:55]} 36. Ne3 {[%emt 0:01:03]} Bg5 {[%emt 0:00:30]} 37. Nc2 {[%emt 0:00:45]} Qe5 {[%emt 0:02:08]} 38. Qc4 {[%emt 0:00:40]} Qf4 {[%emt 0:03:16]} 39. Qxf4 {[%emt 0:00:22]} Bxf4 {[%emt 0:00:01]} 40. Ne1 {[%emt 0:00:48]} b5 {[%emt 0:01:02]} 41. Nd3 {[%emt 0:00:09]} Bd6 {[%emt 0:00:11]} 42. Kb3 {[%emt 0:00:15]} Kd7 {[%emt 0:00:23]} 43. c4 {[%emt 0:00:08]} c6 {[%emt 0:00:09]} 44. a4 {[%emt 0:00:10]} a6 {[%emt 0:01:58]} 45. cxb5 {[%emt 0:00:20]} cxb5 {[%emt 0:00:06]} 46. axb5 {[%emt 0:00:23]} axb5 {[%emt 0:00:01]} 47. Kc3 {[%emt 0:00:26]} Bg3 {[%emt 0:02:05]} 48. Kd4 {[%emt 0:02:05]} Kd6 {[%emt 0:00:14]} 49. Ke4 {[%emt 0:00:50]} f5+ {[%emt 0:01:19]} 50. Kd4 {[%emt 0:00:01]} g5 {[%emt 0:00:11]} 51. Nc1 {[%emt 0:00:42]} Bf2+ {[%emt 0:00:28]} 52. Kd3 {[%emt 0:00:15]} Be1 {[%emt 0:00:24]} 53. Na2 {[%emt 0:00:05]} Kd5 {[%emt 0:02:32]} 54. Ke2 {[%emt 0:00:01]} Bg3 {[%emt 0:00:08]} 55. Kd3 {[%emt 0:00:08]} Bd6 {[%emt 0:00:40]} 56. Nc3+ {[%emt 0:00:21]} Kc6 {[%emt 0:00:04]} 57. Na2 {[%emt 0:00:14]} Be7 {[%emt 0:00:44]} 58. Ke2 {[%emt 0:00:59]} Kd5 {[%emt 0:00:48]} 59. Kd3 {[%emt 0:00:13]} Bf6 {[%emt 0:00:06]} 60. Nc3+ {[%emt 0:01:26]} Bxc3 {[%emt 0:04:47]} 61. Kxc3 {[%emt 0:00:01]} Ke5 {[%emt 0:00:21]} 62. g3 {[%emt 0:00:38]} g4 {[%emt 0:00:41]} 63. hxg4 {[%emt 0:00:46]} fxg4 {[%emt 0:00:02]} 64. fxg4 {[%emt 0:00:12]} g5 {[%emt 0:01:44]} 65. Kd3 {[%emt 0:00:17]} Kd5 {[%emt 0:00:01]} 66. Ke3 {[%emt 0:01:49]} Kc4 {[%emt 0:00:15]} 67. Ke4 {[%emt 0:00:04]} Kxb4 {[%emt 0:00:03]} 68. Kf5 {[%emt 0:00:05]} Kc5 {[%emt 0:00:29]} 69. Kxg5 {[%emt 0:00:02]} b4 {[%emt 0:00:04]} 70. Kh6 {[%emt 0:00:36]} b3 {[%emt 0:00:07]} 71. g5 {[%emt 0:00:01]} b2 {[%emt 0:00:05]} 72. g6 {[%emt 0:00:04]} b1=Q {[%emt 0:00:06]} 73. g7 {[%emt 0:00:22]} Qh1+ {[%emt 0:01:59]} 74. Kg6 {[%emt 0:00:30]} Qd5 {[%emt 0:00:06]} 75. Kh7 {[%emt 0:00:35]} Qh5+ {[%emt 0:00:04]} 76. Kg8 {[%emt 0:00:22]} Kd6 {[%emt 0:00:11]} 0-1